000 00735cab a2200265 4500
001 X1439
008 090401t1994 xxu||||| |||| 00| 0 eng d
035 _a(Sirsi) u17112
041 _aeng
100 _aBull, S.
245 _aCareers promotion
260 _c1994
350 _a0
490 _aCSM (Chartered Surveyor Monthly)
_v3(7) April 1994, 29(1)
650 _aCAREERS EVENINGS
650 _aCAREERS, EDUCATION AND TRAINING
650 _aABOUT RICS-RICS MEMBERS
650 _aCAREERS, EDUCATION AND TRAINING
650 _aINVESTIGATING THE PROPERTY PROFESSION
650 _aSCHOOLS
650 _aSURVEYING
690 _aMANAGEMENT-BUSINESS MANAGEMENT-PROFESSIONAL PRACTICE
942 _n0
948 _c04/03/1997
999 _c11342
_d11342